[Event "Budapest Spring op 29th"]
[Site "Budapest"]
[Date "2013.03.22"]
[Round "5"]
[White "Varga, Attila"]
[Black "Borda, Lajos"]
[Result "1-0"]
[WhiteElo "1758"]
[BlackElo "2135"]
[PlyCount "65"]
[EventDate "2013.03.18"]
[EventType "swiss"]
[EventRounds "9"]
[EventCountry "HUN"]
[SourceTitle "CBM 153 Extra"]
[Source "ChessBase"]
[SourceDate "2013.04.22"]
[SourceVersion "1"]
[SourceVersionDate "2013.04.22"]
[SourceQuality "1"]

1. d4 Nf6 2. Nf3 b5 3. c3 Bb7 4. Bf4 e6 5. e3 a6 6. Nbd2 c5 7. Bd3 Be7 8. 0-0 Nh5 9. Bg3 Nxg3 10. hxg3 0-0 11. Rc1 f5 12. Qe2 d5 13. Ne5 Nd7 14. Nxd7 Qxd7 15. f4 c4 16. Bc2 a5 17. g4 b4 18. gxf5 exf5 19. Nf3 Bd6 20. Rcd1 Qe7 21. Qd2 a4 22. Kf2 a3 23. b3 bxc3 24. Qxc3 Bb4 25. Qa1 Rac8 26. Qb1 g6 27. Rh1 Kg7 28. Rh3 Ba6 29. Ne5 h5 30. Rg3 cxb3 31. Rxg6+ Kh8 32. Bxb3 Rf6 33. Rh1 1-0

[Event "Budapest Spring op 29th"]
[Site "Budapest"]
[Date "2013.03.21"]
[Round "4"]
[White "Borda, Lajos"]
[Black "Nagy, Ervin"]
[Result "0-1"]
[WhiteElo "2135"]
[BlackElo "2256"]
[PlyCount "84"]
[EventDate "2013.03.18"]
[EventType "swiss"]
[EventRounds "9"]
[EventCountry "HUN"]
[SourceTitle "CBM 153 Extra"]
[Source "ChessBase"]
[SourceDate "2013.04.22"]
[SourceVersion "1"]
[SourceVersionDate "2013.04.22"]
[SourceQuality "1"]

1. e4 c5 2. Nf3 Nc6 3. Bb5 g6 4. d4 cxd4 5. Nxd4 Bg7 6. Nb3 Nf6 7. Nc3 0-0 8. 0-0 d6 9. h3 Be6 10. Qe2 Rc8 11. Be3 Bxb3 12. axb3 a6 13. Bxc6 Rxc6 14. Rfd1 Qc7 15. Rd2 Rxc3 16. bxc3 Nxe4 17. Rd3 Nxc3 18. Qe1 Rc8 19. Bd4 Bxd4 20. Rxd4 d5 21. Qd2 e5 22. Rxd5 Nxd5 23. Qxd5 Rd8 24. Qf3 f5 25. Rd1 e4 26. Rxd8+ Qxd8 27. Qc3 Qd1+ 28. Kh2 Qd6+ 29. Kg1 Qd1+ 30. Kh2 Qd6+ 31. Kg1 Qc6 32. Qe5 Qd7 33. Qb8+ Kf7 34. Qh8 Ke6 35. Qg8+ Ke5 36. Qh8+ Kd5 37. Qf6 Kc5 38. Qc3+ Kb6 39. Qe3+ Kc7 40. Qc5+ Kb8 41. c4 Qd1+ 42. Kh2 Qxb3 0-1